[Event "4th IECC"]
[Site "Istanbul TUR"]
[Date "2003.06.07"]
[Round "8"]
[White "Rublevsky,S"]
[Black "McShane,L"]
[Result "0-1"]
[WhiteElo "2670"]
[BlackElo "2592"]

1.e4 c5 2.Nf3 Nc6 3.Bb5 g6 4.Bxc6 dxc6 5.d3 Bg7 6.h3 Nf6 7.Nc3 Nd7 8.Be3 e5
9.Qd2 h6 10.O-O Qe7 11.Nh2 Nf8 12.f4 exf4 13.Rxf4 Be6 14.Rf2 Nd7 15.Ne2 O-O-O
16.Raf1 f6 17.Nf3 b6 18.Bf4 h5 19.Bh2 Bh6 20.Nf4 Bf7 21.Nh4 Rdg8 22.Qc3 Kb7
23.Kh1 Rh7 24.a3 Qd8 25.Ne2 Bg5 26.g3 Be6 27.Kg2 f5 28.Nf3 Bf6 29.Qd2 g5
30.Ne1 h4 31.exf5 Bd5+ 32.Nf3 g4 33.hxg4 Rxg4 34.c4 hxg3 35.Bxg3 Bxf3+ 36.Kxf3 Qg8
37.Rg2 Ne5+ 38.Kf2 Rd7 39.d4 cxd4 40.Rfg1 Nxc4 41.Qd3 Ne3 42.Rh2 Rd5 43.Rh5 Bg5
44.Rgh1 Rxf5+ 45.Ke1 Ng2+ 46.Kd1 Ne3+ 47.Ke1 Qc4 48.Rh7+ Ka6 49.Qxc4+ Nxc4
50.Rd7 Ne3 51.Bb8 c5 52.a4 Ka5 53.Rxa7+ Kb4 54.Rhh7 Kb3 55.Ng3 Rf6 56.Rh2 Bh6
57.Rxh6 Rxh6 58.a5 Kc2 59.Be5 Ng2+  0-1

[Event "4th IECC"]
[Site "Istanbul TUR"]
[Date "2003.06.08"]
[Round "9"]
[White "McShane,L"]
[Black "Grischuk,A"]
[Result "0-1"]
[WhiteElo "2592"]
[BlackElo "2701"]

1.e4 c5 2.Nf3 Nc6 3.Bb5 e6 4.Bxc6 bxc6 5.b3 Ne7 6.Bb2 Ng6 7.h4 h5 8.e5 c4
9.bxc4 Rb8 10.Bc3 c5 11.d3 Be7 12.Nbd2 f5 13.g3 Bb7 14.Qe2 Qb6 15.Rg1 Qc6
16.a4 Ba8 17.Nh2 Rh6 18.f4 Nh8 19.Ndf3 Nf7 20.Kd2 Rh8 21.Ne1 g6 22.Nhf3 Kf8
23.Kc1 Qc7 24.Nd2 Nd8 25.Nb3 Nc6 26.Nf3 Nb4 27.Nfd2 Kf7 28.Kb2 a5 29.Nb1 Bc6
30.Be1 Rhe8 31.Nc3 d5 32.exd6 Bxd6 33.Nb5 Bxb5 34.axb5 e5 35.Qg2 e4 36.Rxa5 Bf8
37.Bc3 exd3 38.cxd3 Bg7 39.Bxg7 Kxg7 40.Rd1 Kh6 41.Ka3 Re3 42.Qb2 Nxd3 43.Qd2 Nb4
44.Ra4 Rbe8 45.Rxb4 Re2 46.Ra4 Rxd2 47.Rxd2 Re3 48.Ra8 Qg7 49.Ka2 Qc3 50.Rb2 Qxc4
51.b6 Qd5 52.Ra5 Rc3 53.Rb5 Qc4 54.Ra5 Qb4 55.Rxc5 Qa4+ 56.Kb1 Rxb3 57.Rc2 Rxg3
58.Rc1 Ra3  0-1

[Event "4th IECC"]
[Site "Istanbul TUR"]
[Date "2003.06.11"]
[Round "11"]
[White "Sokolov,I"]
[Black "McShane,L"]
[Result "1/2-1/2"]
[WhiteElo "2677"]
[BlackElo "2592"]

1.d4 Nf6 2.c4 g6 3.Nc3 d5 4.Nf3 Bg7 5.Qa4+ Bd7 6.Qb3 dxc4 7.Qxc4 O-O 8.Bf4 Nc6
9.Rd1 Bg4 10.d5 Na5 11.Qa4 c5 12.dxc6 Qb6 13.Be3 Qxb2 14.Qxa5 b6 15.Bc1 Qxc1
16.Rxc1 bxa5 17.e3 Rab8 18.Nd4 Rb6 19.h3 Bc8 20.Bb5 a6 21.Ba4 Rd8 22.O-O Kf8
23.Rfd1 Rd6 24.Rb1 Rb4 25.a3 Rxb1 26.Rxb1 Ne8 27.Rb8 Rd8 28.Ne4 Be5 29.Ra8 Nc7
30.Ra7 Nd5 31.Nc5 Nb6 32.Bb3 Bxd4 33.exd4 Rxd4 34.Rc7 Ke8 35.Rb7 a4 36.Bxf7+ Kxf7
37.Rxb6 Rc4 38.Nb7 Rc3 39.Rxa6 Kf6 40.Rxa4 Rxc6 41.Rf4+ Kg5 42.Rb4 Rc1+ 43.Kh2 Ra1
44.Nd8 Rxa3 45.Nc6 Kf6 46.Rf4+ Bf5 47.g4 e5 48.Rb4 Bd7 49.Rb6 Bxc6 50.Rxc6+ Kg5
51.Re6 Kh4 52.Kg2 Rxh3 53.f3  1/2-1/2

[Event "Greenland Open"]
[Site "Qaqortoq GRL"]
[Date "2003.06.28"]
[Round "2"]
[White "Hardarson,R"]
[Black "McShane,L"]
[Result "0-1"]
[WhiteElo "2278"]
[BlackElo "2592"]

1.e4 c5 2.d4 cxd4 3.Qxd4 Nc6 4.Qe3 Nf6 5.Nc3 d5 6.exd5 Nxd5 7.Nxd5 Qxd5 8.c4 Qd6
9.Bd2 Bf5 10.O-O-O O-O-O 11.Be2 Qg6 12.Nf3 Bb1 13.Qb3 Be4 14.Bf4 Rxd1+ 15.Rxd1 e6
16.Ne5 Qf5 17.Qg3 Nxe5 18.Bxe5 Be7 19.f4 Bc5 20.a3 Qg6 21.Bd3 Qxg3 22.hxg3 Bxg2
23.b4 Be3+ 24.Kb2 f6 25.Bc3 Rd8 26.Kc2 Bf3 27.Rf1 Bg4 28.a4 h5 29.a5 a6 30.b5 axb5
31.cxb5 Kb8 32.a6  0-1

[Event "Greenland Open"]
[Site "Qaqortoq GRL"]
[Date "2003.06.28"]
[Round "3"]
[White "McShane,L"]
[Black "Olafsson,F"]
[Result "1-0"]
[WhiteElo "2592"]
[BlackElo "2452"]

1.e4 g6 2.d4 Bg7 3.Nf3 d6 4.c3 Nf6 5.Bd3 O-O 6.O-O b6 7.Re1 e6 8.h3 Bb7 9.c4 Nc6
10.Nc3 e5 11.d5 Ne7 12.Be3 c5 13.Qd2 Kh8 14.a3 Neg8 15.Rab1 Ne8 16.b4 Qe7
17.Nh2 Bc8 18.g4 Bd7 19.f4 exf4 20.Bxf4 Bd4+ 21.Kh1 h6 22.Ne2 Kh7 23.Ng3 f6
24.bxc5 bxc5 25.Kg2 Be5 26.Rb3 Ng7 27.Reb1 Bc8 28.Be3 Qd7 29.Nf3 f5 30.exf5 gxf5
31.Nh4 Kh8 32.Bxh6 Bxg3 33.Kxg3 f4+ 34.Kg2 Ne7  1-0

[Event "Greenland Open"]
[Site "Qaqortoq GRL"]
[Date "2003.06.29"]
[Round "4"]
[White "Sokolov,I"]
[Black "McShane,L"]
[Result "0-1"]
[WhiteElo "2677"]
[BlackElo "2592"]

1.d4 Nf6 2.c4 g6 3.Nc3 d5 4.Nf3 Bg7 5.cxd5 Nxd5 6.Bg5 h6 7.Bh4 c5 8.Rc1 Nxc3
9.bxc3 Be6 10.Qd2 Nc6 11.e3 Bd5 12.Be2 Qa5 13.O-O cxd4 14.exd4 Bxf3 15.Bxf3 Nxd4
16.Bxb7 Rd8 17.Qb2 Nf5 18.Bc6+ Kf8 19.Bg3 Nxg3 20.hxg3 Qxa2 21.c4 a5 22.Qb5 Bd4
23.c5 Kg7 24.Bb7 Qc2 25.Qe2 Qb2 26.Qxb2 Bxb2 27.Rc2 Be5 28.Re1 Kf6 29.Rce2 Bc3
30.Rc1 Be5 31.Rce1 Bc3 32.Rb1 Be5 33.Rb3 Rd1+ 34.Kh2 Bd4 35.Rf3+ Kg7 36.Rxe7 Bf6
37.Re4 Rf8 38.c6 Rc1 39.Rd3 h5 40.Rd7 Bd8 41.f4 Bb6 42.g4 hxg4 43.Kg3 Kh6
44.Rd3 f5 45.Re6 Rf1 46.Rd2 Rd8 47.Ba6 Rxd2 48.Bxf1 Bf2+ 49.Kh2 g3+ 50.Kh3 Rd1
51.Re2 Rxf1 52.Rxf2 gxf2 53.Kg3 a4 54.c7 Rc1 55.Kxf2 Rxc7 56.Kg3 a3 57.Kh2 a2
58.Kg3 a1=Q 59.Kh2 Rc3  0-1

[Event "Greenland Open"]
[Site "Qaqortoq GRL"]
[Date "2003.06.29"]
[Round "5"]
[White "McShane,L"]
[Black "Naes,F"]
[Result "1-0"]
[WhiteElo "2592"]
[BlackElo "2324"]

1.e4 e5 2.Nf3 Nc6 3.Bb5 Nf6 4.O-O Nxe4 5.Re1 Nd6 6.Nxe5 Be7 7.Bd3 Nxe5 8.Rxe5 O-O
9.Nc3 Bf6 10.Re3 g6 11.b3 b6 12.Ba3 c5 13.Qg4 Ne8 14.Qf3 Nc7 15.b4 d6 16.Rae1 Be6
17.bxc5 dxc5 18.Be4 Rc8 19.Bb2 Bd4 20.R3e2 Qg5 21.Bb7 Rb8 22.Ne4 Qg4 23.Nf6+ Bxf6
24.Qxf6  1-0

[Event "Greenland Open"]
[Site "Qaqortoq GRL"]
[Date "2003.06.29"]
[Round "6"]
[White "Hjartarson,J"]
[Black "McShane,L"]
[Result "0-1"]
[WhiteElo "2634"]
[BlackElo "2592"]

1.e4 c5 2.Nc3 Nc6 3.g3 g6 4.Bg2 Bg7 5.d3 d6 6.Be3 Nf6 7.h3 Rb8 8.Qd2 b5 9.Nge2 O-O
10.O-O b4 11.Nd1 e5 12.c3 a5 13.f4 exf4 14.gxf4 Bd7 15.Nf2 Ne8 16.d4 cxd4
17.cxd4 d5 18.e5 Nc7 19.Nd3 Ne7 20.Ng3 h5 21.Nc5 Bb5 22.Rfe1 h4 23.Ne2 Nf5
24.Bf2 Ne6 25.Rac1 Bh6 26.Bf3 Bxe2 27.Nxe6 fxe6 28.Bxe2 g5 29.Rc6 Qe8 30.Ra6 gxf4
31.Bg4 Rb7 32.Qd3 Rg7 33.Kh1 Qg6 34.Qf3 Rc8 35.Bh5 Ng3+ 36.Bxg3 Qxg3 37.Qxg3 fxg3
38.Bf3 Rc2 39.Bg2 Rg6 40.Rxa5 Bd2 41.Rf1 Be3 42.Ra8+ Kg7 43.Raf8 Bxd4 44.R8f7+ Kh6
45.R7f4 Bxe5 46.Rxh4+ Kg7 47.Rxb4 Rf6 48.Rg1 Rff2 49.a4 Bd6 50.Rb6 Bc5 51.Rb7+ Kf6  0-1

[Event "Greenland Open"]
[Site "Qaqortoq GRL"]
[Date "2003.06.30"]
[Round "8"]
[White "McShane,L"]
[Black "De Firmian,N"]
[Result "1/2-1/2"]
[WhiteElo "2592"]
[BlackElo "2536"]

1.e4 c5 2.Nf3 d6 3.d4 cxd4 4.Nxd4 Nf6 5.f3 Nc6 6.c4 Nxd4 7.Qxd4 g6 8.Be3 Bg7
9.Be2 O-O 10.Qd2 Be6 11.O-O Rc8 12.Na3 a6 13.Rac1 Rc6 14.Nc2 Rc8 15.Nd4 Bd7
16.Rfd1 Qc7 17.Bf1 Ra8 18.Qb4 Rfc8 19.Nb3 Be6 20.Bb6 Qb8 21.Nd4 Nd7 22.Nxe6 fxe6
23.Be3 a5 24.Qd2 Qc7 25.g3 Rf8 26.Qe2 Nc5 27.Bh3 Kf7 28.Rf1 Qb6 29.Bg2 Qc6
30.Rf2 Rfc8 31.h4 Rab8 32.Bf1 a4 33.Kh2 Qa6 34.Rd1 Rc6 35.Rd2 Qa5 36.Qd1 Qb4
37.Qb1 Ra8 38.f4 Nd7 39.e5 Rac8 40.h5 Rxc4 41.Bxc4 Rxc4 42.hxg6+ hxg6 43.exd6 exd6
44.a3 Qb5 45.Rxd6 Nf6 46.Qd1 Bf8 47.Rb6 Qf5 48.Rxb7+ Kg8 49.Kg1 Qe4 50.Qf3 Qf5
51.Re2 Ng4 52.Bf2 Rc1+ 53.Kg2 Ra1 54.Bg1 Qb1 55.Qxg4 Qxg1+ 56.Kf3 Qh1+ 57.Ke3 Qg1+
58.Ke4 Qh1+ 59.Kd3 Rd1+ 60.Rd2 Qd5+ 61.Kc3 Qxd2+ 62.Kc4 Qd5+ 63.Kc3 Rd3+
64.Kc2 Rd2+ 65.Kc1 Qxb7 66.Qxg6+ Qg7 67.Qxg7+ Kxg7 68.Kxd2 Kf6 69.Kc2 Kf5
70.b3 axb3+ 71.Kxb3 Bxa3 72.Kxa3 Kg4 73.f5 exf5 74.Kb4 Kxg3  1/2-1/2

[Event "Greenland Open"]
[Site "Qaqortoq GRL"]
[Date "2003.06.30"]
[Round "9"]
[White "Oral,T"]
[Black "McShane,L"]
[Result "0-1"]
[WhiteElo "2537"]
[BlackElo "2592"]

1.e4 c5 2.Nf3 Nc6 3.Bb5 g6 4.Bxc6 dxc6 5.d3 Bg7 6.h3 Nf6 7.Nc3 Nd7 8.Be3 e5
9.Qd2 h6 10.Nh2 Qe7 11.O-O Nf8 12.f4 exf4 13.Rxf4 Be6 14.Rff1 Nd7 15.Qf2 b6
16.a4 a5 17.Nf3 O-O 18.Qg3 g5 19.Rae1 Rae8 20.Kh1 Qd8 21.d4 Bc4 22.Rf2 f5
23.exf5 cxd4 24.f6 Bxf6 25.Nxd4 Bxd4 26.Qd6 Rxf2 27.Bxf2 Rxe1+ 28.Bxe1 Qf6
29.Qxd7 Qf1+ 30.Kh2 Bg1+  0-1

[Event "18th North Sea Cup"]
[Site "Esbjerg DEN"]
[Date "2003.07.08"]
[Round "5"]
[White "McShane,L"]
[Black "Bruzon,L"]
[Result "1-0"]
[WhiteElo "2619"]
[BlackElo "2614"]

1.e4 e5 2.Nf3 Nc6 3.Bb5 a6 4.Ba4 Nf6 5.O-O Be7 6.Re1 b5 7.Bb3 d6 8.c3 O-O
9.h3 Na5 10.Bc2 c5 11.d4 Qc7 12.Nbd2 cxd4 13.cxd4 Nc6 14.Nb3 a5 15.Be3 a4
16.Nbd2 Bd7 17.Rc1 Qb7 18.Nf1 Rfe8 19.Ng3 h6 20.Qd2 Bf8 21.d5 Na5 22.Bd3 Reb8
23.Rc2 Nc4 24.Bxc4 bxc4 25.Qc1 Qa6 26.Nd2 Bb5 27.Nxc4 Bxc4 28.Rxc4 Rxb2 29.Qxb2 Qxc4
30.Rc1 Qd3 31.Qb7 Rd8 32.Qb4 Ra8 33.Rc7 Ne8 34.Rc3 Qa6 35.Rc6 Qd3 36.Qb7 Rd8
37.Rc8 Rxc8 38.Qxc8 Qb5 39.Qc6  1-0

[Event "18th North Sea Cup"]
[Site "Esbjerg DEN"]
[Date "2003.07.10"]
[Round "7"]
[White "McShane,L"]
[Black "Schandorff,L"]
[Result "1-0"]
[WhiteElo "2619"]
[BlackElo "2525"]

1.e4 c5 2.Nf3 Nc6 3.Bb5 g6 4.Bxc6 dxc6 5.d3 Bg7 6.h3 Nf6 7.Nc3 Nd7 8.Be3 e5
9.Qd2 h6 10.h4 f5 11.exf5 gxf5 12.g3 Qf6 13.Ng1 Nf8 14.f4 Ne6 15.fxe5 Qxe5
16.O-O-O Qxg3 17.Re1 Qd6 18.Bf4 Qe7 19.Nf3 Bd7 20.Ne5 Bxe5 21.Bxe5 Rh7 22.Bc7 Kf7
23.Qf2 Kg8 24.Rhg1+ Rg7 25.Be5 Rg4 26.Ne4 Rf8 27.Bd6 Qf7 28.Bxf8 Nxf8 29.Nf6+ Qxf6
30.Rxg4+ Kh7 31.Reg1 Ne6 32.Rg6 Qxg6 33.Rxg6 Kxg6 34.Qg3+ Kf7 35.Qd6 Be8
36.Qe5 f4 37.Qh5+  1-0

[Event "18th North Sea Cup"]
[Site "Esbjerg DEN"]
[Date "2003.07.11"]
[Round "8"]
[White "Nielsen,PH"]
[Black "McShane,L"]
[Result "1/2-1/2"]
[WhiteElo "2636"]
[BlackElo "2619"]

1.d4 Nf6 2.c4 g6 3.Nc3 d5 4.cxd5 Nxd5 5.e4 Nxc3 6.bxc3 c5 7.Bc4 Bg7 8.Ne2 O-O
9.O-O Nc6 10.Be3 Bd7 11.Rb1 a6 12.dxc5 Qc7 13.f4 Rfd8 14.Nd4 Na5 15.Bb3 Bb5
16.Nxb5 axb5 17.Qc2 e6 18.Rbd1 Bf8 19.Qf2 Rxd1 20.Rxd1 Qc6 21.e5 Rc8 22.h3 Bxc5
23.Bxc5 Qxc5 24.Rd8+ Kg7 25.Rxc8 Qxc8 26.Qd4 Qa8 27.Kh2 Nxb3 28.axb3 Qa1
29.Qd8 Qxc3 30.Qf6+ Kg8 31.Qd8+  1/2-1/2

[Event "25th Politiken Cup"]
[Site "Copenhagen DEN"]
[Date "2003.07.14"]
[Round "1"]
[White "McShane,L"]
[Black "Nordfjoerd,S"]
[Result "1-0"]
[WhiteElo "2619"]
[BlackElo "2057"]

1.e4 e5 2.Nf3 Nc6 3.Bb5 f5 4.Nc3 fxe4 5.Nxe4 Nf6 6.Qe2 d5 7.Nxf6+ gxf6 8.d4 Bg7
9.dxe5 O-O 10.Bxc6 bxc6 11.e6 Re8 12.Be3 Bxe6 13.O-O-O Qd6 14.Qa6 Reb8 15.Nd4 f5
16.Nb3 Rb5 17.Rhe1 Bc8 18.Qa4 a5 19.Bf4 Bh6 20.Bxh6 Qxh6+ 21.Kb1 Rb4 22.Qa3 Bd7
23.Nc5 Qg7 24.Nd3 Re4 25.f3 Ree8 26.Rxe8+ Rxe8 27.Qxa5 Qxg2 28.Qxc7 Qg7 29.Nc5 Qd4
30.Qg3+  1-0

[Event "25th Politiken Cup"]
[Site "Copenhagen DEN"]
[Date "2003.07.15"]
[Round "2"]
[White "Byklum,B"]
[Black "McShane,L"]
[Result "0-1"]
[WhiteElo "2214"]
[BlackElo "2619"]

1.e4 c5 2.Nf3 Nc6 3.Nc3 Nf6 4.Bb5 Qc7 5.O-O Nd4 6.Re1 a6 7.Bc4 d6 8.h3 e6
9.d3 b5 10.Bb3 Nxb3 11.axb3 Bb7 12.Bf4 Nd7 13.Bg3 Be7 14.d4 O-O 15.d5 Nb6
16.dxe6 fxe6 17.Nd2 Qc6 18.Qg4 Rf6 19.Rad1 Raf8 20.Nf1 b4 21.Nb1 Rg6 22.Qe2 d5
23.Nbd2 Bf6 24.e5 Be7 25.Nf3 d4 26.N1d2 Nd5 27.Kh2 Bg5 28.Ne4 Bf4 29.Nd6 Ba8
30.Ra1 Ne3 31.Rxa6 Qd5 32.Nh4 Rxg3 33.fxg3 Bxg3+ 34.Kg1  0-1

[Event "25th Politiken Cup"]
[Site "Copenhagen DEN"]
[Date "2003.07.16"]
[Round "3"]
[White "McShane,L"]
[Black "Naes,F"]
[Result "1-0"]
[WhiteElo "2619"]
[BlackElo "2330"]

1.e4 e5 2.Nf3 Nc6 3.Bb5 Nf6 4.O-O Nxe4 5.d4 Nd6 6.Bxc6 dxc6 7.dxe5 Nf5 8.Qxd8+ Kxd8
9.Nc3 Ke8 10.h3 Ne7 11.b3 Ng6 12.Bb2 a5 13.a4 Bb4 14.Ne2 h5 15.Ng5 h4 16.Rad1 Rh5
17.Ne4 Nxe5 18.f4 Bf5 19.N4g3 hxg3 20.Nxg3 Bxc2 21.Nxh5 Nd3 22.Bxg7 f5 23.Ra1 Kf7
24.Rf3 Re8 25.Rg3 Be1 26.Rg5 Bh4 27.Rxf5+ Kg6 28.g4 Ne1 29.Rf8 Rxf8 30.Bxf8 Bxb3
31.f5+ Kf7 32.Bh6 Nf3+ 33.Kh1 Bd5 34.Nf4 Be4 35.Kg2 Nd2+ 36.Kg1 Bf6 37.Rd1 Bd4+
38.Kh2 Be3 39.Kg3 Bc2 40.Re1 Nc4 41.Bg5 b5 42.Ne6 Bxg5 43.Nxg5+ Kf6 44.Re6+ Kg7
45.f6+  1-0

[Event "25th Politiken Cup"]
[Site "Copenhagen DEN"]
[Date "2003.07.17"]
[Round "4"]
[White "Solleveld,Maa"]
[Black "McShane,L"]
[Result "0-1"]
[WhiteElo "2458"]
[BlackElo "2619"]

1.c4 g6 2.g3 Bg7 3.Bg2 Nf6 4.Nc3 O-O 5.e4 Nc6 6.Nge2 a6 7.d4 d6 8.O-O e5
9.d5 Ne7 10.h3 Nh5 11.Be3 f5 12.Qd2 Kh8 13.Rae1 Ng8 14.exf5 gxf5 15.f4 e4
16.Kh2 Nhf6 17.Nd4 h5 18.b4 Nh6 19.Nc2 h4 20.gxh4 Nh5 21.Bf2 Kh7 22.Ne2 Bf6
23.Ng3 Nxg3 24.Bxg3 Rg8 25.Ne3 Bd7 26.Rg1 Bxh4 27.Bf2 Qe7 28.Bf1 Rxg1 29.Kxg1 Rg8+
30.Ng2 Be8 31.Kh2 Bf6 32.Re3 Bh5 33.Be2 Qf7 34.Qd1 Bxe2 35.Qxe2 c6 36.Qd1 cxd5
37.cxd5 Rc8 38.Rg3 Ng8 39.a3 Ne7 40.Bd4 Bxd4 41.Qxd4 Nxd5 42.Rg5 Rg8 43.h4 Rxg5
44.fxg5 Qe6 45.h5 Qe5+ 46.Qxe5 dxe5 47.Nh4 Ne7 48.Kg3 b5 49.Kh3 e3 50.Kg3 f4+
51.Kf3 Nc6 52.g6+ Kg8 53.h6 Nd4+ 54.Kg2 e4 55.g7 f3+  0-1

[Event "25th Politiken Cup"]
[Site "Copenhagen DEN"]
[Date "2003.07.18"]
[Round "5"]
[White "McShane,L"]
[Black "Sakaev,K"]
[Result "0-1"]
[WhiteElo "2619"]
[BlackElo "2655"]

1.e4 c5 2.Nf3 d6 3.d4 cxd4 4.Nxd4 Nf6 5.f3 Nc6 6.c4 Qb6 7.Nc2 e6 8.Nc3 Be7
9.Bd3 O-O 10.Be3 Qc7 11.O-O Ne5 12.Nb5 Qb8 13.Be2 a6 14.Nc3 Qc7 15.Qd4 Bd7
16.a4 Rac8 17.Na3 Qb8 18.Rfd1 Nc6 19.Qd2 Bd8 20.Kh1 Bc7 21.Bg1 Rfd8 22.Nc2 Ne7
23.b4 d5 24.exd5 exd5 25.c5 Bf4 26.Qe1 Re8 27.Bd3 Nf5 28.Ne2 Be5 29.Bxf5 Bxf5
30.Ncd4 Bg6 31.Rac1 h6 32.Qd2 Nd7 33.Qa2 Nf6 34.b5 axb5 35.axb5 Qc7 36.c6 Ra8
37.Qb3 bxc6 38.Nxc6 Bd6 39.Nc3 Bf4 40.Ra1 Rxa1 41.Rxa1 Qd6 42.Rd1 Qe6 43.Nd4 Qe5
44.b6 Qg5 45.b7 Kh7 46.Qb5 Qh4 47.Nde2 Bb8 48.Nxd5 Re5 49.Nxf6+ Qxf6 50.Rd5 Re6
51.h3 Qe7 52.Bh2 Rxe2 53.Bxb8 Re1+ 54.Kh2 Rb1 55.Rd7 Qe8 56.Qc6 Qxb8+ 57.Rc7 Rb2
58.f4 Rc2 59.Rc8 Qxf4+  0-1

[Event "25th Politiken Cup"]
[Site "Copenhagen DEN"]
[Date "2003.07.19"]
[Round "6"]
[White "McShane,L"]
[Black "Jakobsen,O"]
[Result "1-0"]
[WhiteElo "2619"]
[BlackElo "2381"]

1.e4 c5 2.Nf3 e6 3.b3 d6 4.Bb2 Nf6 5.Bb5+ Bd7 6.Bxd7+ Nbxd7 7.Qe2 Be7 8.c4 O-O
9.Nc3 a6 10.O-O Rb8 11.d4 cxd4 12.Nxd4 Qc7 13.Rad1 Rfe8 14.f4 Bf8 15.Kh1 e5
16.fxe5 Rxe5 17.Qf3 Nc5 18.Nf5 Re6 19.Nd5 Nxd5 20.exd5 Rg6 21.Rde1 Qd7 22.Ne7+  1-0

[Event "25th Politiken Cup"]
[Site "Copenhagen DEN"]
[Date "2003.07.22"]
[Round "8"]
[White "Christensen,Bo"]
[Black "McShane,L"]
[Result "0-1"]
[WhiteElo "2273"]
[BlackElo "2619"]

1.e4 c5 2.Nf3 Nc6 3.d4 cxd4 4.Nxd4 Nf6 5.Nc3 e5 6.Ndb5 d6 7.Bg5 a6 8.Na3 b5
9.Nd5 Be7 10.Bxf6 Bxf6 11.Nb1 Bg5 12.a4 bxa4 13.Rxa4 O-O 14.Nd2 Kh8 15.Bd3 a5
16.O-O Be6 17.Nf3 Bh6 18.Bb5 Rc8 19.c3 f5 20.exf5 Rxf5 21.Re1 Rf8 22.Qd3 Na7
23.Bc4 Bd7 24.Raa1 Bg4 25.Qe4 Bxf3 26.gxf3 Qg5+ 27.Kf1 Qh5 28.Bd3 g6 29.Ke2 Nc6
30.Rg1 Rb8 31.Rab1 Nd8 32.h4 Ne6 33.Rg4 Nc5 34.Qc4 e4 35.Bxe4 Nxe4 36.Qxe4 Rbe8
37.Ne7 Qb5+ 38.Kd1 Rxe7  0-1

[Event "25th Politiken Cup"]
[Site "Copenhagen DEN"]
[Date "2003.07.23"]
[Round "9"]
[White "McShane,L"]
[Black "Skytte,R"]
[Result "1-0"]
[WhiteElo "2619"]
[BlackElo "2404"]

1.e4 c6 2.d4 d5 3.Nd2 dxe4 4.Nxe4 Bf5 5.Ng3 Bg6 6.h4 h6 7.Nf3 Nd7 8.h5 Bh7
9.Bd3 Bxd3 10.Qxd3 Ngf6 11.Bf4 Qa5+ 12.Bd2 Qc7 13.O-O-O e6 14.Kb1 Bd6 15.Ne4 Nxe4
16.Qxe4 Nf6 17.Qe2 O-O-O 18.c4 Rhe8 19.Bc3 Nd7 20.Rhe1 Nf6 21.Ne5 c5 22.g4 Ng8
23.Nd3 Nf6 24.Ne5 Ng8 25.Qe3 Bxe5 26.dxe5 Rxd1+ 27.Rxd1 Rd8 28.Kc2 Rxd1 29.Kxd1 Ne7
30.Ke2 b6 31.f3 Qd7 32.b3 Nc6 33.g5 Nd4+ 34.Bxd4 cxd4 35.Qe4 Kb8 36.gxh6 gxh6
37.Kd3 Qd8 38.Qf4 Qf8 39.Qxd4 Qg7 40.Qd6+ Kb7 41.Kc3 Qh7 42.Qd3 Qg7 43.Qd7+ Kb8
44.Qd6+ Kb7 45.Kb4 Qg3 46.Qd7+ Kb8 47.Qd8+ Kb7 48.Qd7+ Kb8 49.Qe8+ Kb7 50.Qxf7+ Ka6
51.Qd7 Qe1+ 52.Ka3 Qe3 53.Ka4 Qc5 54.Qb5+  1-0

[Event "25th Politiken Cup"]
[Site "Copenhagen DEN"]
[Date "2003.07.24"]
[Round "10"]
[White "Ward,C"]
[Black "McShane,L"]
[Result "1/2-1/2"]
[WhiteElo "2531"]
[BlackElo "2619"]

1.d4 Nf6 2.c4 g6 3.Nc3 d5 4.Nf3 Bg7 5.Bg5 Ne4 6.cxd5 Nxg5 7.Nxg5 e6 8.Qd2 exd5
9.Qe3+ Kf8 10.Qf4 Bf6 11.h4 h6 12.Nxd5 Bxg5 13.Qe5 Rh7 14.hxg5 Nc6 15.Qe4 Bf5
16.Qf3 Qxg5 17.Qa3+ Kg7 18.e3 Rd8 19.Nxc7 a5 20.Qc5 Rc8 21.d5 Rxc7 22.dxc6 Rxc6
23.Qd4+ Qf6 24.Qxf6+ Kxf6 25.Rd1 Rh8 26.Bd3 Be6 27.b3 h5 28.Ke2 Rhc8 29.Rh4 Rd6
30.Rf4+ Ke7 31.Bc4 Rxd1 32.Kxd1 Rd8+ 33.Kc2 Bf5+ 34.Kc3 f6 35.Rd4 Rd6 36.Rd5 Be4
37.Rxd6 Kxd6 38.f3 Bd5 39.Bd3 g5 40.Kd4 h4 41.e4 Be6 42.Be2 b6 43.Bb5 Bf7
44.Ba4 Bh5 45.Bb5 Bf7 46.Ba4 Bh5 47.Bb5 h3 48.gxh3 Bxf3 49.Ba6 Bh5 50.a3 Bf7
51.b4 axb4 52.axb4 Bb3 53.Be2 Be6 54.Bg4 Bxg4 55.hxg4 Ke6 56.Kc4 Ke5 57.Kb5 Kf4
58.Kxb6 Kxg4 59.b5 Kf3 60.Kc6 g4 61.e5 fxe5 62.b6 g3 63.b7 g2 64.b8=Q g1=Q
65.Qxe5  1/2-1/2

[Event "25th Politiken Cup"]
[Site "Copenhagen DEN"]
[Date "2003.07.25"]
[Round "11"]
[White "McShane,L"]
[Black "Kallio,H"]
[Result "1-0"]
[WhiteElo "2619"]
[BlackElo "2471"]

1.e4 e5 2.Nf3 Nc6 3.Bb5 a6 4.Ba4 Nf6 5.O-O Be7 6.Re1 b5 7.Bb3 d6 8.c3 O-O
9.h3 h6 10.d4 Re8 11.Nbd2 Bf8 12.Nf1 Bd7 13.Ng3 Na5 14.Bc2 Nc4 15.a4 c5 16.d5 Qc7
17.Qe2 Nb6 18.a5 Nc4 19.b4 Be7 20.Bd3 Bf8 21.Bxc4 bxc4 22.Qxc4 Bb5 23.Qb3 cxb4
24.cxb4 g6 25.Be3 Rac8 26.Rec1 Qd7 27.Qd1 Kh7 28.Ra3 Bg7 29.Rac3 Ng8 30.Bb6 Rxc3
31.Rxc3 Rc8 32.Qc1 Rxc3 33.Qxc3 f5 34.Qc7 Nf6 35.Qxd7 Bxd7 36.Bd8 Nxe4 37.Nxe4 fxe4
38.Nd2 Bc8 39.Nc4 Bb7 40.Ne3 Bf8 41.h4 h5 42.Kf1 Kg7 43.Ke2 Kf7 44.Kd2 Ke8
45.Bg5 Kd7 46.Kc3 Kc7 47.Kc4 Bc8 48.Nd1  1-0

[Event "4th YM"]
[Site "Lausanne SUI"]
[Date "2003.09.17"]
[Round "1.1"]
[White "McShane,L"]
[Black "Paehtz,E"]
[Result "1/2-1/2"]
[WhiteElo "2619"]
[BlackElo "2417"]

1.e4 c5 2.Nf3 d6 3.c3 Nf6 4.Be2 b6 5.O-O Bb7 6.d3 g6 7.Re1 Bg7 8.Nbd2 O-O
9.Bf1 e5 10.a3 Nbd7 11.b4 d5 12.Bb2 Re8 13.g3 Qc7 14.exd5 Nxd5 15.Qb3 h6
16.h4 Rad8 17.Re2 Ne7 18.Rae1 Bd5 19.Qc2 Be6 20.Bg2 cxb4 21.axb4 Nd5 22.Nc4 b5
23.Ne3 N7b6 24.Nxd5 Bxd5 25.Re3 Re7 26.Ba1 Rde8 27.Qb1 Qb7 28.R1e2 h5 29.Qe1 f6
30.c4 bxc4 31.dxc4 Nxc4 32.Rc3 Nb6 33.Ra3 Rd8 34.Rd2 Red7 35.Rc3 Bxf3 36.Bxf3 Rxd2
37.Bxb7 Rd1 38.Kf1 Rxe1+ 39.Kxe1 Bf8 40.Rb3 Kf7 41.Bc3 Rd7 42.Ba6 Rc7 43.Bd2 Nd5
44.Be2 f5 45.Bd1 Rb7 46.b5 Ke6 47.Rb2 Bc5 48.Be2 Rc7 49.Ra2 Bb6 50.Bd1 Nc3
51.Bb3+ Ke7 52.Bxc3 Rxc3 53.Bd5 Rd3 54.Bc6 Bd4 55.Ke2 Rc3 56.Kf1 Rb3 57.Kg2 Kf6
58.Be8 Rc3 59.Ra6+ Bb6 60.Ra2 Rc4 61.Kf3 g5 62.hxg5+ Kxg5 63.Re2 Bd4 64.Bd7 Rc1
65.Kg2 Rc7 66.Bc6 Rh7 67.Re1 f4 68.Rh1 Rh6 69.Bf3 Rh8  1/2-1/2

[Event "4th YM"]
[Site "Lausanne SUI"]
[Date "2003.09.18"]
[Round "1.2"]
[White "Paehtz,E"]
[Black "McShane,L"]
[Result "0-1"]
[WhiteElo "2417"]
[BlackElo "2619"]

1.e4 c5 2.Nf3 Nc6 3.Nc3 Nf6 4.Bb5 Qc7 5.Bxc6 bxc6 6.e5 Ng4 7.d4 cxd4 8.Qxd4 d6
9.Bf4 Qb6 10.Qxb6 axb6 11.exd6 exd6 12.O-O f6 13.Nd4 Bd7 14.a4 Kf7 15.Rfd1 d5
16.Bc7 Bc5 17.h3 Rhc8 18.Bxb6 Bxb6 19.hxg4 Bxg4 20.Rd3 Ba5 21.Nb3 Bf5 22.Rd2 Bb4
23.Nc1 Rcb8 24.N1e2 Ba5 25.Ra2 c5 26.Rxd5 Be6 27.b3 Bxd5 28.Nxd5 c4 29.Nd4 cxb3
30.Nxb3 Re8 31.c4 Re1+ 32.Kh2 Rb1 33.Nd4 Rd1 34.Nb5 Ra6 35.Re2 Re6 36.Rc2 Rd2
37.Rxd2 Bxd2 38.c5 Rc6 39.Nd4 Rxc5  0-1

[Event "4th YM"]
[Site "Lausanne SUI"]
[Date "2003.09.21"]
[Round "3.1"]
[White "Bacrot,E"]
[Black "McShane,L"]
[Result "1/2-1/2"]
[WhiteElo "2645"]
[BlackElo "2619"]

1.d4 Nf6 2.c4 g6 3.Nc3 d5 4.cxd5 Nxd5 5.e4 Nxc3 6.bxc3 c5 7.Nf3 Bg7 8.Rb1 O-O
9.Be2 Nd7 10.O-O Qc7 11.Bg5 Nf6 12.Bd3 b6 13.Qe2 h6 14.Bd2 e6 15.e5 Nd5 16.c4 Ne7
17.Be4 Bb7 18.Bxb7 Qxb7 19.dxc5 Rfc8 20.cxb6 axb6 21.Bb4 Nf5 22.a3 Bf8 23.Rfd1 Bc5
24.Rd3 Kg7 25.Nd2 Bxb4 26.Rxb4 Qe7 27.Rxb6  1/2-1/2

[Event "4th YM"]
[Site "Lausanne SUI"]
[Date "2003.09.22"]
[Round "3.2"]
[White "McShane,L"]
[Black "Bacrot,E"]
[Result "1-0"]
[WhiteElo "2619"]
[BlackElo "2645"]

1.e4 e5 2.Nf3 d6 3.d4 exd4 4.Nxd4 Nf6 5.Nc3 Be7 6.g3 d5 7.exd5 Nxd5 8.Bd2 Nb4
9.Be3 Nd5 10.Qd3 O-O 11.O-O-O Nxe3 12.Qxe3 Bc5 13.Qf4 Bd6 14.Qd2 Bb4 15.Bc4 Nd7
16.a3 Ba5 17.Rhe1 Nb6 18.Ba2 c5 19.Ndb5 Qf6 20.Nc7 Bg4 21.Nxa8 Na4 22.Nc7 Nxc3
23.bxc3 Bxc7 24.f3 Bc8 25.Qe3 Ba5 26.Qxc5 Bb6 27.Qe7 Qxf3 28.Bd5 Qh5 29.Re5 Qh6+
30.Kb1 g6 31.Rf1 Bf5 32.g4 Bd8 33.Qd6 Qh3 34.Rf3 Qxg4 35.Rexf5  1-0

[Event "ECC"]
[Site "Rethymnon GRE"]
[Date "2003.09.28"]
[Round "1"]
[White "McShane,L"]
[Black "Boidman,Y"]
[Result "0-1"]
[WhiteElo "2619"]
[BlackElo "2407"]

1.e4 c5 2.Nf3 d6 3.d4 cxd4 4.Nxd4 Nf6 5.Nc3 Nc6 6.Bg5 e6 7.Qd2 a6 8.O-O-O Bd7
9.f3 b5 10.Nxc6 Bxc6 11.Ne2 Be7 12.Nd4 Rc8 13.h4 O-O 14.Kb1 d5 15.e5 Nd7
16.Qe3 Re8 17.g4 Qb6 18.Bxe7 Rxe7 19.g5 b4 20.g6 fxg6 21.h5 gxh5 22.Rxh5 Nf8
23.Bd3 Bb5 24.f4 Bxd3 25.Qxd3 g6 26.Rg5 Rg7 27.Rg2 Rc4 28.Qd2 a5 29.Nf3 Rf7
30.Nd4 a4 31.Rg3 Kh8 32.Qe3 a3 33.f5 exf5 34.e6 Rxd4 35.Qe5+ Rg7 36.Rxd4 Qxe6
37.Rxd5 f4 38.Rg1 Qxe5 39.Rxe5 Rf7 40.Re4 h6 41.Rxb4 g5 42.c4 Nd7 43.Rb7 Kg7
44.Rd1 Ne5 45.Rxf7+ Kxf7 46.b3 g4 47.Kc2 g3 48.Kd2 h5 49.Ke2 f3+ 50.Ke3 f2
51.Ke2 Ng4 52.Kf3 g2 53.Kxg2 Ne3+  0-1

[Event "ECC"]
[Site "Rethymnon GRE"]
[Date "2003.09.29"]
[Round "2"]
[White "McShane,L"]
[Black "Grischuk,A"]
[Result "1/2-1/2"]
[WhiteElo "2619"]
[BlackElo "2732"]

1.e4 c5 2.Nf3 d6 3.d4 cxd4 4.Nxd4 Nf6 5.f3 e6 6.c4 Nc6 7.Nc3 Be7 8.Be3 O-O
9.Be2 d5 10.cxd5 exd5 11.Nxc6 bxc6 12.exd5 Nxd5 13.Nxd5 cxd5 14.O-O Bf6 15.Bd4 Rb8  1/2-1/2